| 000 | 00637nam a22001937a 4500 | ||
|---|---|---|---|
| 005 | 20230313053318.0 | ||
| 008 | 230313b |||||||| |||| 00| 0 eng d | ||
| 020 | _a978-1-4051-9024-4 | ||
| 082 | _a421.5209 Up71 2011 | ||
| 100 |
_aUpward, Christopher _eauthor |
||
| 245 |
_aThe history of English spelling / _cChristopher Upward, George Davidson |
||
| 260 |
_aUK: _bWiley-Blackwell, _cc2011. |
||
| 300 |
_axiii, 376p.; _bill. |
||
| 504 | _aIncludes bibliographies and index | ||
| 541 | _e3641 | ||
| 650 | _aEnglish language - Spelling - History | ||
| 650 | _aEnglish language - Etymology | ||
| 700 |
_aDavidson, George _eauthor |
||
| 999 |
_c1747 _d1747 |
||